Movies Quiz

Random Movies or Clickable Quiz

50 Flicks to Click (1991) Quiz Stats

 Plays Quiz Updated May 14, 2018

Challenge
Share
Tweet
Embed
Score 0/50 Timer 07:00
1 Play Today
% Correct
Silence
94.8%
Beast
94.6%
Thelma
94.2%
Terminator
93.3%
Addams
93%
Hood
93%
Bride
92.9%
Tomatoes
92.6%
Enemy
92.3%
City
92.3%
Break
89.7%
Prince
89.5%
Cape
87.9%
Last
84.1%
Grand
83.2%
West
81%
Bogus
80.4%
King
79.8%
Sue
78.7%
Shots
78.2%
Wife
78.2%
Tides
77.6%
Fred
75.4%
Stupid
74.2%
Jungle
73.4%
% Correct
Johnny
73.1%
Lonely
72.2%
Bob
72.1%
Girl
71.4%
Fang
70%
Fink
68.9%
Jack
68.5%
Doc
67.9%
Young
67.6%
Defending
67.3%
Idaho
65.8%
Country
65.8%
Henry
65.8%
Daughter
65.5%
Hawk
64.8%
Tate
64.7%
Dead
63.1%
Story
62.3%
Ralph
61.1%
Billy
60.8%
Lantern
59.7%
Fog
59.5%
Again
56%
Lunch
50%
Mississippi
47.6%

You're not logged in!

Compare scores with friends on all Sporcle quizzes.
OR
Log In

You Might Also Like...

Show Comments

Extras

Top Quizzes Today


Score Distribution

Your Account Isn't Verified!

In order to create a playlist on Sporcle, you need to verify the email address you used during registration. Go to your Sporcle Settings to finish the process.

Report this User

Report this user for behavior that violates our Community Guidelines.

Details: